000 00424nam a2200181Ia 4500
001 8778
005 20260306160635.0
008 260306t2007||||xx |||||||||||||| ||spa||
041 _aESP
082 _a371.33
_bT29
100 _aAlonso García, Catalina M.
_eAUT
245 0 _aTecnología educativa
260 _c2007
300 _a323 páginas :
_c24 cm.
650 _aGEN
654 _aCED
942 _cLIB
_dJUS
_fJUS
_2ddc
_n
999 _c8778
_d8778